000 00536nam a2200193Ia 4500
999 _c21174
_d21174
003 OSt
005 20200201112004.0
008 190216s9999||||xx |||||||||||||| ||und||
020 _a8122902936
040 _coclc
082 _a320.9
_bSAB/H
100 _aSabine, George H
_91747
245 0 _aA History Of Political Theory /
_cGeorge H Sabine
250 _a3rd ed.
260 _bSurjeet Publications,
_aDelhi:
_c2007.
300 _a948p
650 _aHistory
942 _cBK
_2ddc
_h320.9
_iSAB/H
_k320.9
_mSAB/H